000 00565nam a22001932 4500
001 0000000196
005 20151021151040.0
008 070117s xx 000 0 eng d
020 _a0732940710 :
040 _aKABU
_cKABU
100 1 _aLegge, John.
_@0000148285
245 1 0 _aEntrepreneurship :
_bplanner's workbook /
_cJohn Legge.
260 _aMelbourne :
_bMacmillan Educ.,
_c1997.
300 _aiii, 68 p.
650 0 _aEntrepreneurship.
_@0000148283
908 _a070117
950 _@1
999 _c66
_d66